LIBRARY & INFORMATION CENTRE, KCAET, TAVANUR

ONLINE PUBLIC ACCESS CATALOGUE (OPAC)

Building science 1 (Record no. 15510)

MARC details
000 -LEADER
fixed length control field 00306nam a22001337a 4500
003 - CONTROL NUMBER IDENTIFIER
control field OSt
008 - FIXED-LENGTH DATA ELEMENTS--GENERAL INFORMATION
fixed length control field 180823b ||||| |||| 00| 0 eng d
082 ## - DEWEY DECIMAL CLASSIFICATION NUMBER
Classification number 690
Item number GIB/BU
100 ## - MAIN ENTRY--AUTHOR NAME
Personal name Drury, F.E
245 ## - TITLE STATEMENT
Title Building science 1
260 ## - PUBLICATION, DISTRIBUTION, ETC. (IMPRINT)
Place of publication London
Name of publisher Sir isaac pitman
Year of publication 1965
300 ## - PHYSICAL DESCRIPTION
Number of Pages 136
942 ## - ADDED ENTRY ELEMENTS (KOHA)
Koha item type Books
Holdings
Withdrawn status Lost status Damaged status Home library Current library Date acquired Full call number Accession Number Koha item type
      KAUAET KAUAET 23/08/2018 690 GIB/BU 6028 Books
free website counter